Teacher-training with the Master Teacher. (Record no. 5039)

000 -LEADER
fixed length control field 00569nam a2200181 a 4500
001 - CONTROL NUMBER
control field :::00002780$&:&@@
003 - CONTROL NUMBER IDENTIFIER
control field OkBaRHE
005 - DATE AND TIME OF LATEST TRANSACTION
control field 20000607103257.0
008 - FIXED-LENGTH DATA ELEMENTS--GENERAL INFORMATION
fixed length control field s1903 j 000 0 eng u
040 ## - CATALOGING SOURCE
Transcribing agency
100 1# - MAIN ENTRY--PERSONAL NAME
Personal name Beardslee, C. S.
245 10 - TITLE STATEMENT
Title Teacher-training with the Master Teacher.
260 ## - PUBLICATION, DISTRIBUTION, ETC. (IMPRINT)
Place of publication, distribution, etc Philadelphia, PA., :
Name of publisher, distributor, etc The Sunday School Times Co.
Date of publication, distribution, etc c1903
300 ## - PHYSICAL DESCRIPTION
Extent 177 p. ;
Dimensions 19 cm.
650 ## - SUBJECT ADDED ENTRY--TOPICAL TERM
Topical term or geographic name as entry element Jesus Christ
General subdivision Teachings
942 ## - ADDED ENTRY ELEMENTS (KOHA)
Source of classification or shelving scheme
Koha item type Books
Copies
Date last seen Permanent Location Barcode Not for loan Damaged status Full call number Copy number Koha item type Withdrawn status Lost status Price effective from Source of classification or shelving scheme Date acquired Shelving location
2018-03-16RHEMA Bible Training College2780  BS 2417 .B4T41Books  2010-04-14 2010-04-14General Stacks